00869cam a22002054a 4500020001500000040000800015082002600023245008600049246002000135250001200155260011300167300003400280500007100314650003100385650001800416710005500434942000800489999001700497952014900514 a9832088275 cUKM a338 IRR 2006 C025 Or.00aPortrait of the global rubber industry :bdriving the wheel of the world economy.30aRubber industry a1st ed. aKuala Lumpur, Malaysia :bPublisher/distributor, International Rubber Research and Development Board,c2006. a188 p. :bcol. ill. ;c32 cm. aAccompanied by supplement entitled: Industry reference supplement. 0aRubber industry and trade. 0aRubber goods.2 aInternational Rubber Research & Development Board. cREC c22366d22366 0010406338_000000000000000_IRR_2006_C025_OR70996694aLBCbLBCcC025d2023-12-11o338 IRR 2006 C025 Or.pa074856r2023-12-11w2023-12-11yREC